| 000 | 00567nam a22002057a 4500 | ||
|---|---|---|---|
| 005 | 20251108164358.0 | ||
| 008 | 250721s2000 xx 000 0 ara d | ||
| 082 | 1 | 4 | _a332.1/عقل |
| 100 | 1 |
_aعقل، مفلح محمد _eمؤلف |
|
| 245 | 1 | 0 | _aوجهات نظر مصرفية / |
| 264 | 1 |
_aعمان : _bالمؤلف، _c2000. |
|
| 300 | _aج1. | ||
| 650 | 1 | 7 | _aالبنوك |
| 650 | 1 | 7 | _aالتنمية الإقتصادية |
| 650 | 1 | 7 | _aالأردن |
| 650 | 1 | 7 | _aإلغاء التأميم |
| 650 | 1 | 7 | _aالعملة |
| 942 |
_2ddc _cBK |
||
| 999 |
_c10719 _d10719 |
||